| 000 -LEADER |
| fixed length control field |
00951cam a2200253 i 4500 |
| 001 - CONTROL NUMBER |
| control field |
19862952 |
| 005 - DATE AND TIME OF LATEST TRANSACTION |
| control field |
20190314160935.0 |
| 008 - FIXED-LENGTH DATA ELEMENTS--GENERAL INFORMATION |
| fixed length control field |
170804s2018 enk 001 0 eng |
| 010 ## - LIBRARY OF CONGRESS CONTROL NUMBER |
| LC control number |
2017025740 |
| 020 ## - INTERNATIONAL STANDARD BOOK NUMBER |
| International Standard Book Number |
9780749480745 (pbk.) |
| 040 ## - CATALOGING SOURCE |
| Original cataloging agency |
DLC |
| Language of cataloging |
eng |
| Transcribing agency |
DLC |
| Description conventions |
rda |
| Modifying agency |
DLC |
| 042 ## - AUTHENTICATION CODE |
| Authentication code |
pcc |
| 050 00 - LIBRARY OF CONGRESS CALL NUMBER |
| Classification number |
HD57.7 |
| Item number |
.O9473 2018 |
| 082 00 - DEWEY DECIMAL CLASSIFICATION NUMBER |
| Classification number |
I513 Ow2 |
| Edition number |
23 |
| 100 1# - MAIN ENTRY--PERSONAL NAME |
| Personal name |
Owen, Jo, |
| Relator term |
author. |
| 9 (RLIN) |
2861 |
| 245 10 - TITLE STATEMENT |
| Title |
Myths of leadership : |
| Remainder of title |
banish the misconceptions and become a great leader / |
| Statement of responsibility, etc |
by Jo Owen. |
| 260 ## - PUBLICATION, DISTRIBUTION, ETC. (IMPRINT) |
| Place of publication, distribution, etc |
London |
| Name of publisher, distributor, etc |
Kogan Page |
| Date of publication, distribution, etc |
2018 |
| 300 ## - PHYSICAL DESCRIPTION |
| Extent |
Ix, 278p. |
| Dimensions |
24 cm |
| 500 ## - GENERAL NOTE |
| General note |
Includes index. |
| 650 #0 - SUBJECT ADDED ENTRY--TOPICAL TERM |
| Topical term or geographic name as entry element |
Leadership. |
| 9 (RLIN) |
2862 |
| 776 08 - ADDITIONAL PHYSICAL FORM ENTRY |
| Display text |
Online version: |
| Main entry heading |
Owen, Jo, author. |
| Title |
Myths of leadership |
| Place, publisher, and date of publication |
London ; New York : Kogan Page, 2017 |
| International Standard Book Number |
9780749480752 |
| Record control number |
(DLC) 2017037653 |
| 906 ## - LOCAL DATA ELEMENT F, LDF (RLIN) |
| a |
7 |
| b |
cbc |
| c |
orignew |
| d |
1 |
| e |
ecip |
| f |
20 |
| g |
y-gencatlg |
| 955 ## - COPY-LEVEL INFORMATION (RLIN) |
| Book number/undivided call number, CCAL (RLIN) |
rm15 2017-08-04 |
| Copy status, CST (RLIN) |
rm15 2017-08-04 (telework) to Dewey |
| Classification number, CCAL (RLIN) |
xn11 2017-12-13 1 copy rec'd., to CIP ver. |